Variaciones de los esferocristales en las precipitaciones atmosféricas / (Record no. 114080)

MARC details
000 -LEADER
campo de control de longitud fija 00777nam a2200205 4500
001 - NÚMERO DE CONTROL
campo de control 114080
003 - IDENTIFICADOR DE NÚMERO DE CONTROL
campo de control ES-MaACL
005 - FECHA Y HORA DE LA ÚLTIMA TRANSACCIÓN
campo de control 20230906190055.0
007 - CAMPO FIJO DE DESCRIPCIÓN FÍSICA--INFORMACIÓN GENERAL
campo de control de longitud fija t|
008 - DATOS DE LONGITUD FIJA--INFORMACIÓN GENERAL
campo de control de longitud fija 061121s1959 sp r ||||1| spa d
100 1# - ENTRADA PRINCIPAL--NOMBRE DE PERSONA
Nombre de persona Palomares, Manuel.
9 (RLIN) 88676
245 10 - MENCIÓN DEL TÍTULO
Título Variaciones de los esferocristales en las precipitaciones atmosféricas /
Mención de responsabilidad, etc. por Manuel Palomares.
260 ## - PUBLICACIÓN, DISTRIBUCIÓN, ETC.
Lugar de publicación, distribución, etc. Madrid :
Nombre del editor, distribuidor, etc. Sección de Investigaciones,
Fecha de publicación, distribución, etc. 1959.
300 ## - DESCRIPCIÓN FÍSICA
Extensión 15 p. ;
Dimensiones 24 cm.
490 1# - MENCIÓN DE SERIE
Mención de serie Servicio meteorológico nacional. Publicaciones serie A (memorias) ;
Designación de volumen o secuencia 34
710 1# - ENTRADA AGREGADA--NOMBRE DE ENTIDAD CORPORATIVA
Nombre de entidad corporativa o nombre de jurisdicción como elemento de entrada España.
Unidad subordinada Servicio Meteorológico Nacional.
9 (RLIN) 3981
830 0# - PUNTO DE ACCESO ADICIONAL DE SERIE-TÍTULO UNIFORME
Título uniforme Servicio meteorológico nacional. Publicaciones serie A (memorias) ;
Designación de volumen o secuencia 34
9 (RLIN) 233230
852 ## - LOCALIZACIÓN
Ubicación ES-MaACL
Número de control de estantería 2019-F-27
Sublocalización o colección R.44581
Holdings
Estatus retirado Estado de pérdida Estado de daño No para préstamo Colección Biblioteca de origen Biblioteca actual Ubicación en estantería Fecha de adquisición Fuente de adquisición Total de préstamos Signatura topográfica completa Código de barras Visto por última vez Precio de reemplazo Tipo de ítem Koha
        Colección de folletos Biblioteca del Ateneo de Madrid Biblioteca del Ateneo de Madrid Depósito folletos 17/01/2008     2019-F-27 1118971 23/02/2023 23/02/2023 Folleto